"Who am I?" Dinosaur Riddle Quiz - Statistics

General Stats
  • This quiz has been taken 32 times
  • The average score is 78 of 81
Answer Stats
Question Tile Select % Correct
I’m big and fierce with tiny arms, My teeth are sharp, I set off alarms. I ruled the land with a thunderous roar, In the Cretaceous, I made dinos sore. Yes
100%
I’m big and fierce with tiny arms, My teeth are sharp, I set off alarms. I ruled the land with a thunderous roar, In the Cretaceous, I made dinos sore. No
100%
I’m big and fierce with tiny arms, My teeth are sharp, I set off alarms. I ruled the land with a thunderous roar, In the Cretaceous, I made dinos sore. No
100%
I’m big and fierce with tiny arms, My teeth are sharp, I set off alarms. I ruled the land with a thunderous roar, In the Cretaceous, I made dinos sore. No
100%
I’m big and fierce with tiny arms, My teeth are sharp, I set off alarms. I ruled the land with a thunderous roar, In the Cretaceous, I made dinos sore. No
100%
I’m big and fierce with tiny arms, My teeth are sharp, I set off alarms. I ruled the land with a thunderous roar, In the Cretaceous, I made dinos sore. No
100%
I have three horns upon my face, A frilly shield, I charge with grace. I munch on plants, not meat or bugs, And I’d rather nuzzle than give hugs. Who am I? No
100%
I have three horns upon my face, A frilly shield, I charge with grace. I munch on plants, not meat or bugs, And I’d rather nuzzle than give hugs. Who am I? No
100%
I have three horns upon my face, A frilly shield, I charge with grace. I munch on plants, not meat or bugs, And I’d rather nuzzle than give hugs. Who am I? No
100%
I have three horns upon my face, A frilly shield, I charge with grace. I munch on plants, not meat or bugs, And I’d rather nuzzle than give hugs. Who am I? No
100%
I have three horns upon my face, A frilly shield, I charge with grace. I munch on plants, not meat or bugs, And I’d rather nuzzle than give hugs. Who am I? No
100%
I have three horns upon my face, A frilly shield, I charge with grace. I munch on plants, not meat or bugs, And I’d rather nuzzle than give hugs. Who am I? No
100%
I have three horns upon my face, A frilly shield, I charge with grace. I munch on plants, not meat or bugs, And I’d rather nuzzle than give hugs. Who am I? Yes
100%
I have three horns upon my face, A frilly shield, I charge with grace. I munch on plants, not meat or bugs, And I’d rather nuzzle than give hugs. Who am I? No
100%
I have three horns upon my face, A frilly shield, I charge with grace. I munch on plants, not meat or bugs, And I’d rather nuzzle than give hugs. Who am I? No
100%
I’m big and fierce with tiny arms, My teeth are sharp, I set off alarms. I ruled the land with a thunderous roar, In the Cretaceous, I made dinos sore. No
96%
I’m long and lean with a deadly claw, I hunt in packs — a sight of awe. I’m fast and smart, a clever beast, In movies, I’m a fearsome feast. Who am I? No
96%
I’m long and lean with a deadly claw, I hunt in packs — a sight of awe. I’m fast and smart, a clever beast, In movies, I’m a fearsome feast. Who am I? No
96%
I’m long and lean with a deadly claw, I hunt in packs — a sight of awe. I’m fast and smart, a clever beast, In movies, I’m a fearsome feast. Who am I? No
96%
I’m long and lean with a deadly claw, I hunt in packs — a sight of awe. I’m fast and smart, a clever beast, In movies, I’m a fearsome feast. Who am I? No
96%
I’m long and lean with a deadly claw, I hunt in packs — a sight of awe. I’m fast and smart, a clever beast, In movies, I’m a fearsome feast. Who am I? No
96%
I’m long and lean with a deadly claw, I hunt in packs — a sight of awe. I’m fast and smart, a clever beast, In movies, I’m a fearsome feast. Who am I? No
96%
I’m long and lean with a deadly claw, I hunt in packs — a sight of awe. I’m fast and smart, a clever beast, In movies, I’m a fearsome feast. Who am I? No
96%
I’m tall and long with a neck so high, I nibble leaves that touch the sky. My legs are strong, my steps are slow, I’m gentle, giant, and love to grow. Who am I? No
96%
I’m tall and long with a neck so high, I nibble leaves that touch the sky. My legs are strong, my steps are slow, I’m gentle, giant, and love to grow. Who am I? No
96%
I’m tall and long with a neck so high, I nibble leaves that touch the sky. My legs are strong, my steps are slow, I’m gentle, giant, and love to grow. Who am I? Yes
96%
I’m tall and long with a neck so high, I nibble leaves that touch the sky. My legs are strong, my steps are slow, I’m gentle, giant, and love to grow. Who am I? No
96%
I’m tall and long with a neck so high, I nibble leaves that touch the sky. My legs are strong, my steps are slow, I’m gentle, giant, and love to grow. Who am I? No
96%
I’m tall and long with a neck so high, I nibble leaves that touch the sky. My legs are strong, my steps are slow, I’m gentle, giant, and love to grow. Who am I? No
96%
I’m tall and long with a neck so high, I nibble leaves that touch the sky. My legs are strong, my steps are slow, I’m gentle, giant, and love to grow. Who am I? No
96%
I’m tall and long with a neck so high, I nibble leaves that touch the sky. My legs are strong, my steps are slow, I’m gentle, giant, and love to grow. Who am I? No
96%
I’m tall and long with a neck so high, I nibble leaves that touch the sky. My legs are strong, my steps are slow, I’m gentle, giant, and love to grow. Who am I? No
96%
-I’ve got plates running down my spine, And a spiky tail that’s mighty fine. I’m not too fast, but I’m well-armed, My back’s a shield — I’m rarely harmed. Who am I? No
96%
-I’ve got plates running down my spine, And a spiky tail that’s mighty fine. I’m not too fast, but I’m well-armed, My back’s a shield — I’m rarely harmed. Who am I? No
96%
-I’ve got plates running down my spine, And a spiky tail that’s mighty fine. I’m not too fast, but I’m well-armed, My back’s a shield — I’m rarely harmed. Who am I? No
96%
-I’ve got plates running down my spine, And a spiky tail that’s mighty fine. I’m not too fast, but I’m well-armed, My back’s a shield — I’m rarely harmed. Who am I? No
96%
-I’ve got plates running down my spine, And a spiky tail that’s mighty fine. I’m not too fast, but I’m well-armed, My back’s a shield — I’m rarely harmed. Who am I? No
96%
-I’ve got plates running down my spine, And a spiky tail that’s mighty fine. I’m not too fast, but I’m well-armed, My back’s a shield — I’m rarely harmed. Who am I? No
96%
-I’ve got plates running down my spine, And a spiky tail that’s mighty fine. I’m not too fast, but I’m well-armed, My back’s a shield — I’m rarely harmed. Who am I? No
96%
I’m the king of sails, with jaws so wide, I swim and hunt where fish reside. Bigger than T. rex, some folks say, I ruled the rivers in my day. Who am I? No
96%
I’m the king of sails, with jaws so wide, I swim and hunt where fish reside. Bigger than T. rex, some folks say, I ruled the rivers in my day. Who am I? No
96%
I’m the king of sails, with jaws so wide, I swim and hunt where fish reside. Bigger than T. rex, some folks say, I ruled the rivers in my day. Who am I? No
96%
I’m the king of sails, with jaws so wide, I swim and hunt where fish reside. Bigger than T. rex, some folks say, I ruled the rivers in my day. Who am I? No
96%
I’m the king of sails, with jaws so wide, I swim and hunt where fish reside. Bigger than T. rex, some folks say, I ruled the rivers in my day. Who am I? No
96%
I’m the king of sails, with jaws so wide, I swim and hunt where fish reside. Bigger than T. rex, some folks say, I ruled the rivers in my day. Who am I? No
96%
I’m the king of sails, with jaws so wide, I swim and hunt where fish reside. Bigger than T. rex, some folks say, I ruled the rivers in my day. Who am I? Yes
96%
I’m the king of sails, with jaws so wide, I swim and hunt where fish reside. Bigger than T. rex, some folks say, I ruled the rivers in my day. Who am I? No
96%
I’m the king of sails, with jaws so wide, I swim and hunt where fish reside. Bigger than T. rex, some folks say, I ruled the rivers in my day. Who am I? No
96%
I’m small and quick with feathers bright, I may have taken flight at night. I’m not a bird, but close, you see — A dino with a bird-like key. Who am I? No
96%
I’m small and quick with feathers bright, I may have taken flight at night. I’m not a bird, but close, you see — A dino with a bird-like key. Who am I? No
96%
I’m small and quick with feathers bright, I may have taken flight at night. I’m not a bird, but close, you see — A dino with a bird-like key. Who am I? No
96%
I’m small and quick with feathers bright, I may have taken flight at night. I’m not a bird, but close, you see — A dino with a bird-like key. Who am I? No
96%
I’m small and quick with feathers bright, I may have taken flight at night. I’m not a bird, but close, you see — A dino with a bird-like key. Who am I? Yes
96%
I’m small and quick with feathers bright, I may have taken flight at night. I’m not a bird, but close, you see — A dino with a bird-like key. Who am I? No
96%
I’m small and quick with feathers bright, I may have taken flight at night. I’m not a bird, but close, you see — A dino with a bird-like key. Who am I? No
96%
I’m small and quick with feathers bright, I may have taken flight at night. I’m not a bird, but close, you see — A dino with a bird-like key. Who am I? No
96%
I’m small and quick with feathers bright, I may have taken flight at night. I’m not a bird, but close, you see — A dino with a bird-like key. Who am I? No
96%
I’m named for my thumb that’s shaped like a spike, I’m herbivorous — plants are what I like. I walked on two legs, sometimes four, My fossil was found in Europe’s floor. Who am I? No
96%
I’m named for my thumb that’s shaped like a spike, I’m herbivorous — plants are what I like. I walked on two legs, sometimes four, My fossil was found in Europe’s floor. Who am I? No
96%
I’m named for my thumb that’s shaped like a spike, I’m herbivorous — plants are what I like. I walked on two legs, sometimes four, My fossil was found in Europe’s floor. Who am I? No
96%
I’m named for my thumb that’s shaped like a spike, I’m herbivorous — plants are what I like. I walked on two legs, sometimes four, My fossil was found in Europe’s floor. Who am I? No
96%
I’m named for my thumb that’s shaped like a spike, I’m herbivorous — plants are what I like. I walked on two legs, sometimes four, My fossil was found in Europe’s floor. Who am I? No
96%
I’m named for my thumb that’s shaped like a spike, I’m herbivorous — plants are what I like. I walked on two legs, sometimes four, My fossil was found in Europe’s floor. Who am I? No
96%
I’m big and fierce with tiny arms, My teeth are sharp, I set off alarms. I ruled the land with a thunderous roar, In the Cretaceous, I made dinos sore. No
93%
I’m big and fierce with tiny arms, My teeth are sharp, I set off alarms. I ruled the land with a thunderous roar, In the Cretaceous, I made dinos sore. No
93%
I’m armored strong from head to tail, With club in back, I never fail. I’m low and slow, but tough to beat, Predators don’t want this treat. Who am I? No
93%
I’m armored strong from head to tail, With club in back, I never fail. I’m low and slow, but tough to beat, Predators don’t want this treat. Who am I? No
93%
I’m armored strong from head to tail, With club in back, I never fail. I’m low and slow, but tough to beat, Predators don’t want this treat. Who am I? No
93%
I’m armored strong from head to tail, With club in back, I never fail. I’m low and slow, but tough to beat, Predators don’t want this treat. Who am I? Yes
93%
I’m armored strong from head to tail, With club in back, I never fail. I’m low and slow, but tough to beat, Predators don’t want this treat. Who am I? No
93%
I’m armored strong from head to tail, With club in back, I never fail. I’m low and slow, but tough to beat, Predators don’t want this treat. Who am I? No
93%
I’m armored strong from head to tail, With club in back, I never fail. I’m low and slow, but tough to beat, Predators don’t want this treat. Who am I? No
93%
I’m armored strong from head to tail, With club in back, I never fail. I’m low and slow, but tough to beat, Predators don’t want this treat. Who am I? No
93%
I’m armored strong from head to tail, With club in back, I never fail. I’m low and slow, but tough to beat, Predators don’t want this treat. Who am I? No
93%
-I’ve got plates running down my spine, And a spiky tail that’s mighty fine. I’m not too fast, but I’m well-armed, My back’s a shield — I’m rarely harmed. Who am I? Yes
93%
I’m named for my thumb that’s shaped like a spike, I’m herbivorous — plants are what I like. I walked on two legs, sometimes four, My fossil was found in Europe’s floor. Who am I? No
93%
I’m long and lean with a deadly claw, I hunt in packs — a sight of awe. I’m fast and smart, a clever beast, In movies, I’m a fearsome feast. Who am I? Yes
89%
I’m long and lean with a deadly claw, I hunt in packs — a sight of awe. I’m fast and smart, a clever beast, In movies, I’m a fearsome feast. Who am I? No
89%
-I’ve got plates running down my spine, And a spiky tail that’s mighty fine. I’m not too fast, but I’m well-armed, My back’s a shield — I’m rarely harmed. Who am I? No
89%
I’m named for my thumb that’s shaped like a spike, I’m herbivorous — plants are what I like. I walked on two legs, sometimes four, My fossil was found in Europe’s floor. Who am I? No
89%
I’m named for my thumb that’s shaped like a spike, I’m herbivorous — plants are what I like. I walked on two legs, sometimes four, My fossil was found in Europe’s floor. Who am I? Yes
85%
No matching quizzes found
Score Distribution
Percent of People with Each Score
Percentile by Number Answered
Your Score History
You have not taken this quiz